Bilecik Bilecik Bilecik Bilecik Bilecik

Sülük tedavisi: ruhsal ve fiziksel hastalıklarda geleneksel tedavi/ (Record no. 72019)

MARC details
000 -BAŞLIK
Sabit Uzunluktaki Kontrol Alanı 01154nam a22003737a 4500
001 - KONTROL NUMARASI
Control Dosyası 0071265
003 - KONTROL NUMARASI KİMLİĞİ
Kontrol Alanı KOHA_MİRAKIL
005 - EN SON İŞLEM TARİHİ ve ZAMANI
Kontrol Alanı 20260207005002.0
007 - FİZİKSEL TANIM SABİT ALAN - GENEL BİLGİ
Sabit uzunluklu kontrol alanı ta
008 - SABİT UZUNLUKTAKİ VERİ ÖGELERİ - GENEL BİLGİ
Sabit Alan 240731b2018 tu |||gr||||#0|||0|tur |
020 ## - ISBN - ULUSLARARASI STANDART KİTAP NUMARASI
Isbn 9786054908240
040 ## - KATALOGLAMA KAYNAĞI
Özgün Kataloglama Kurumu TR-BiSEU
Kataloglama Dili tur
Çeviri Kurumu TR-BiSEU
Açıklama Kuralları rda
041 0# - DİL KODU
Metin ya da ses kaydının dil kodu tur
044 ## - YAYINLAYAN/ÜRETEN KURULUŞUN ÜLKE KODU
ISO country code tu
050 ## - SINIFLAMA ve YER NUMARASI
Sınıflama Numarası RM182
Yer Numarası .D89 2018
100 1# - KİŞİ ADI
Yazar Adı (Kişi adı) Düzgün, Özgür.
245 1# - ESER ADI BİLDİRİMİ
Başlık Sülük tedavisi: ruhsal ve fiziksel hastalıklarda geleneksel tedavi/
Sorumluluk Bildirimi Özgür Düzgün ; Özgür Düzgün.
250 ## - BASIM BİLDİRİMİ
Basım Bildirimi 2. Baskı
264 #1 - ÜRERİM, YAYIN, DAĞITIM ve TELİF BİLDİRİMİ
Yayın yeri İstanbul :
Yayınlayan Mercan Kitap
Yayın tarihi 2018
300 ## - FİZİKSEL TANIMLAMA
Sayfa, Cilt vb. 208 sayfa: resim; 21 cm.
336 ## - İÇERİK TÜRÜ
Content type term metin
Content type code txt
Source rdacontent
337 ## - MEDYA TÜRÜ
Media type term aracısız
Media type code n
Source rdamedia
338 ## - TAŞIYICI TÜRÜ
Carrier type term cilt
Carrier type code nc
Source rdacarrier
490 1# - DİZİ BİLDİRİMİ
Dizi Bildirimi Mercan Kitap ;
Cilt Numarası 26.
490 1# - DİZİ BİLDİRİMİ
Dizi Bildirimi Araştırma-İnceleme ;
Cilt Numarası 16
650 #0 - KONU BAŞLIĞI EK GİRİŞ - KONU TERİMİ
Konusal terim veya coğrafi ad Sülükler--Tedavide kullanım.
9 (RLIN) 140132
650 #0 - KONU BAŞLIĞI EK GİRİŞ - KONU TERİMİ
Konusal terim veya coğrafi ad Alternatif tıp.
9 (RLIN) 74275
650 #0 - KONU BAŞLIĞI EK GİRİŞ - KONU TERİMİ
Konusal terim veya coğrafi ad Leeches--Therapeutic use.
9 (RLIN) 91033
650 #0 - KONU BAŞLIĞI EK GİRİŞ - KONU TERİMİ
Konusal terim veya coğrafi ad Alternative medicine.
9 (RLIN) 74276
830 1# - SERİ EK GİRİŞİ - TEKBİÇİM ESER ADI
Tekbiçim Başlık Mercan Kitap ;
Volume number/sequential designation 26.
9 (RLIN) 140133
830 1# - SERİ EK GİRİŞİ - TEKBİÇİM ESER ADI
Tekbiçim Başlık Araştırma-İnceleme ;
Volume number/sequential designation 16
9 (RLIN) 6252
907 ## - LOCAL DATA ELEMENT G, LDG (RLIN)
a Tıp
942 ## - EK GİRİŞ ÖGELERİ (KOHA)
Source of classification or shelving scheme Library of Congress Classification
Koha item type Book
Holdings
Materyal Türü Kalıcı Konum Mevcut Konum Raf Yeri Sınıflandırma Kaynağı Edinim Bilgisi Ana Konular Alt Konular Yer Numarası Demirbaş Numarası Fatura Tarihi Geri Çekilme Durumu Kayıp Durumu Hasarlı Durumu Kredi için değil Kayıt Tarih Toplam Ödünçverme Son Görülme Tarihi Son Kontrol Tarihi Genel / Bağış Notu
Book Prof. Dr. Azmi Özcan Kütüphanesi Prof. Dr. Azmi Özcan Kütüphanesi Birûni Salonu Library of Congress Classification Bağış TIP Tedavi ediciler, Farmakoloji RM182 .D89 2018 0071265 02/02/2026         31/07/2024   17/03/2025 17/03/2025 Edibe BEKİN